Quizzes
Events
Quiz Creation
Community
Videos
Private Events
Remove Ads
Sign In
Join for FREE
Feedback
Dark Mode
Quiz Categories
Sports
Geography
Music
Movies
Television
Just For Fun
Miscellaneous
History
Literature
Language
Science
Gaming
Entertainment
Religion
Holiday
For Kids
Quiz Lab
Recent
Popular Today
Quiz Kudos Today
Editor Picks
Curator Picks
Quizzes by...
Day
Popularity
Type
Ratings
Length
Year
Community
Subscriptions
Recent Discussions
Orange Saloon
Badges
Playlists
Quests
Create
Leaderboards
Showdown
Live 5
Trivia Bingo
Activity
Puzzle Library
Sporcle Events
Private Events
Virtual Trivia
Globe League
Become a Host
Pub Owners
SporcleCon
Opinionation
Our Games
Videos
Blog
Mobile Apps
Partnerships
Remove Ads and Go Orange
Feedback
History
US Presidents
World Leaders
Politics
Nation
Discovery
War
Decade
Year
Century
Biography
Art
History
US Presidents
World Leaders
Politics
Nation
Discovery
War
Decade
Year
Century
Biography
Art
Random Quiz
Search Sporcle
×
Quiz Lab
Quiz Lab
History
Politics
Type in answers that appear in a list
Type in answers that appear in a list
Classic
Best Score? Go Orange.
Electoral Vote- Winning Parties Stats
Can you name the US political parties whose presidential candidate(s) have garnered at least 1 electoral vote?
By
catcherj
4m
19 Questions
164 Plays
164 Plays
164 Plays
Comments
Comments
Give Quiz Kudos
Give Quiz Kudos
-
- Ratings
hide this ad
Random Order
Randomize order of answers
Randomize order of answers
Replay
Link that replays current quiz
Next Quiz
Link to next quiz in quiz playlist
You Got
0%
They Got
Avg Score
52%
Avg Friend Score
Upgrade to see
Score Distribution
Jump to the score distribution portion of the page
Score
0/19
Timer
04:00
0
Plays Today
Year(s)
Party
% Correct
1828-
1856, 1864-
2008
Democratic
94.5%
1856-
2008
Republican
92.7%
1836-
1852
Whig
86.6%
1792-
1816
Federalist
80.5%
1792-
1824
Democratic-Republican
72%
1856
Know-Nothing
68.3%
1924
Progressive
62.8%
1912
Bull Moose
59.1%
1972
Libertarian
51.8%
1860
Southern Democratic
47%
Year(s)
Party
% Correct
1968
American Independent
43.9%
1892-
1896
Populist
40.9%
1860
Northern Democratic
38.4%
1832
Anti-Masonic
37.2%
1828-
1832
National Republican
34.1%
1860
Constitutional Union
34.1%
1872
Liberal Republican
27.4%
1948
States' Rights Democratic
23.8%
1832
Nullifier
6.7%
Quiz Playlist
Details
Report
Send in Message
Add To Playlist
Classic:
Type in answers that appear in a list
Random Order:
Randomize order of answers
Quiz Source
Last Updated: Feb 16, 2017
Quiz Scoreboard
CHALLENGE
Sign Up to Join the Scoreboard
Show All
Scores
Hide
Comments
May contain spoilers
Recently Published
Movies - When Are They Set?
by FPL_Elf
Movies
5m
Popular People in 1961
by mucciniale
History
6m
1-10 Letter E Words III
by El_Dandy
Language
2m
More to Explore
Quiz From the Vault
Featured Blog Post
Where Did the Easter Bunny Come From?
hide this ad
You Might Also Like...
Tags
Politics Quiz
US Presidents Quiz
candidate
electoral
Garnered
least
Party
Vote
Winning
Today's Top Quizzes in History
Browse History
hide this ad
Today's Top Quizzes in Politics
Browse Politics
Top Contributed Quizzes in History
1
Popular People in 1991
2
Popular People in 1981
3
Popular People in 1951
4
Popular People in 1941
5
Popular People in 1986
6
Popular People in 1976
7
Popular People in 1921
8
I Am Born On March 28th
9
Popular People in 1946
10
Popular People in 1936
Explore More
Trending Topics
Disney
Kpop
Crossword
NBA
Harry Potter
Marvel
Anime
The Office
Country
Pokémon
Soccer
Song
NFL
WWE
Puzzle
hide this ad
More By:
catcherj
Quiz
Plays
Rating
Category
Featured
Created
A Dream Deferred
10,074
4.49
Literature
Mar 15, 2011
Baseball Domes
2,693
4.27
Sports
May 15, 2010
Arabic-Speaking Metro Areas
1,419
3.18
Geography
Mar 15, 2010
Each Continent's Top 5's Top 3
1,140
2.84
Geography
Mar 3, 2011
States by National Parks
1,025
4.00
Geography
Jun 20, 2010
Go to Creator's Profile
Score Distribution
Quiz Creator Spotlight
catcherj
Follow
Send a Message
Quizzes Created
-
Created Quiz Play Count
-
More By This Creator
Popular Quizzes Today
1
Find the Countries of Europe - No Outlines Minefield
2
Find the US States - No Outlines Minefield
3
The Countries of the World
4
Popular People in 1961
5
US States
6
1-10 Letter E Words III
7
Find the US States
8
One Thing in Common: World Cities II
More History Quizzes
On This Day: February 7th II
Published
Trending Quizzes
Risky Map Clicking: Least Populous States A-Z
1-10 Letter F Words
1-10 Letter G Words
One Thing in Common: United Kingdom
Risky Map Clicking: Next State Alphabetically
Recently Updated
Leaping Animals
pecheneg
Reality TV Shows (A-Z)
bhenderson79
Rickey Henderson's Hall of Fame Teammates
pecheneg
Champions League XIs: Arsenal
pecheneg
Quick Pick: Celebrities in WWE's Hall of Fame
aduchscher
A-Z Keypad Blitz II
pecheneg
Multiple Oscar Actors
pecheneg
Mystery Phrase Blitz: Oscar 'Best Actors'
pecheneg
F. Scott Fitzgerald Novels
LTH
Pick 3 Villains
ddd62291
Trending Topics
Marvel
Disney
Anime
Kpop
NBA
Crossword
Harry Potter
Country
The Office
NFL
Song
Soccer
Puzzle
WWE
Pokémon
Your Account Isn't Verified!
In order to create a playlist on Sporcle, you need to verify the email address you used during registration. Go to your
Sporcle Settings
to finish the process.
Report this User
Report this user for behavior that violates our
Community Guidelines
.
Details:
Send Report
Go to the Sporcle.com Mobile Site →
Comments